000 00770nam a2200241 i 4500
001 bgj
245 1 0 _aZeichen der Zeit :
_bein deutsches Lesebuch in vier Bänden.
_chrsg. von Walther Killy.
_nBd. 4,
_pVervandlung der Wirklichkeit : [von 1880 bis zum 2. Weltkrieg] /
260 _aDarmstadt ;
_aNeuwied :
_bLuchterhand,
_cc. 1981.
300 _a339 s. ;
_c18 cm.
490 1 _aSammlung Luchterhand
_v354
504 _aBibliogr. s. 327-339.
650 9 _aLiteratura niemiecka
_xhistoria
_y1880-1939
700 1 _aKILLY, Walther.
830 _aSammlung Luchterhand
020 _a3472613548
040 _cBPK
041 0 _ager
044 _aDEU
080 _a821.112.2(091)
920 _a3-472-61354-8
942 _cKS
008 s gw f |000 0 ger
999 _c50262
_d50262
856 _uhttp://koha.tu.koszalin.pl/cgi-bin/koha/opac-detail.pl?biblionumber=50262
_yKatalog online BPK